Kaunseling kelompok / (Record no. 2045)

000 -LEADER
fixed length control field nam a22 a 4500
003 - CONTROL NUMBER IDENTIFIER
control field AKMAL
005 - DATE AND TIME OF LATEST TRANSACTION
control field 20170515095936.0
008 - FIXED-LENGTH DATA ELEMENTS--GENERAL INFORMATION
fixed length control field 170515s1989 my 00 may d
020 ## - INTERNATIONAL STANDARD BOOK NUMBER
International Standard Book Number 9839585193 (kkt.):
Terms of availability RM 15.00
040 ## - CATALOGING SOURCE
Original cataloging agency AKMAL
Transcribing agency AKMAL
082 04 - DEWEY DECIMAL CLASSIFICATION NUMBER
Classification number 361.06 MOH
090 ## - LOCALLY ASSIGNED LC-TYPE CALL NUMBER (OCLC); LOCAL CALL NUMBER (RLIN)
Classification number (OCLC) (R) ; Classification number, CALL (RLIN) (NR) 361.06
Local cutter number (OCLC) ; Book number/undivided call number, CALL (RLIN) MOH
100 ## - MAIN ENTRY--PERSONAL NAME
Personal name Mohamed Mansor bin Abdullah
9 (RLIN) 4213
245 1# - TITLE STATEMENT
Title Kaunseling kelompok /
Statement of responsibility, etc. Mohamed Mansor b. Abdullah dan Siti Nordinar bt. Mohd. Tamin ; disunting oleh Khatijah bt. Mohd. Shahid
260 ## - PUBLICATION, DISTRIBUTION, ETC.
Place of publication, distribution, etc. Skudai :
Name of publisher, distributor, etc. Unit Penerbitan Akademik, Universiti Teknologi Malaysia,
Date of publication, distribution, etc. 1989
300 ## - PHYSICAL DESCRIPTION
Extent 255ms. ;
Dimensions 23cm
650 ## - SUBJECT ADDED ENTRY--TOPICAL TERM
Topical term or geographic name entry element Group counseling
9 (RLIN) 1430
650 ## - SUBJECT ADDED ENTRY--TOPICAL TERM
Topical term or geographic name entry element Counseling
9 (RLIN) 1027
700 0# - ADDED ENTRY--PERSONAL NAME
Personal name Siti Nordinar Mohd. Tamin
9 (RLIN) 4214
700 0# - ADDED ENTRY--PERSONAL NAME
Personal name Khatijah Mohd Shahid
9 (RLIN) 4215
942 ## - ADDED ENTRY ELEMENTS (KOHA)
Source of classification or shelving scheme
Koha item type Book
Holdings
Withdrawn status Lost status Source of classification or shelving scheme Damaged status Not for loan Collection code Home library Current library Shelving location Date acquired Inventory number Total Checkouts Full call number Barcode Date last seen Price effective from Koha item type
          NON-FICTION AKMAL Melaka AKMAL Melaka PINJAMAN 15.05.2017 303953   361.06 MOH 201706290 15.05.2017 15.05.2017 Book
Pusat Sumber Maklumat Dato' Haji Sarmin Md Hussin, Akademi Kastam Diraja Malaysia, Melaka
Tel: 06-2331106 | Faks: 06-2313787